Statistics for Countries with the Highest Life Expectancy

Click here to take the quiz!

General Stats

  • This quiz has been taken 104,074 times
    (12,070 since last reset)
  • The average score is 16 of 20

Answer Stats

Years Country % Correct
86.0Japan
96%
82.4Sweden
92%
82.1Norway
91%
83.4Canada
88%
82.5Italy
86%
82.0Spain
83%
82.2France
83%
82.7Australia
83%
89.3Monaco
81%
82.8Switzerland
80%
82.6South Korea
79%
82.1New Zealand
79%
82.6Luxembourg
78%
83.3Iceland
76%
83.5San Marino
76%
82.2Liechtenstein
76%
83.0Andorra
72%
86.0Singapore
70%
82.8Malta
59%
83.0Israel
39%

Score Distribution

Percentile by Number Answered

Percent of People with Each Score

Your Score History

You have not taken this quiz since the last reset